000 01230cab a22002175a 4500
001 L153908
008 110920e20110916xxk 000 0 eng d
035 _a(Sirsi) u153908
041 0 _aeng
100 1 _aHatcher, David
245 0 0 _aMarkets
_bNorth-east
260 _c2011
490 0 _aProperty Week
_v77(37) 16 September 2011, 39-44(4)
520 _aNorth Eastern Local Enterprise Partnership board chairman defends choice of enterprise zone site on the banks of the Tyne and Wearside. Wind turbine manufacturer Clipper Windpower has decided against basing its operations on the north bank of the Tyne. Highbridge Properties will develop a new data centre campus in north Tyneside later this year. Nissan is investing £192m in its Sunderland plant where the new model of its Quashqai car will be made. Green Lane Capital who acquired a range of Tyneside commercial properties from administrators in December 2010 has already cut headline rents by 50% to £4.95/sq ft.
590 _aKA
651 4 _aEngland
_y886-
690 _aPROPERTY-COMMERCIAL PROPERTY-COMMERCIAL PROPERTY MARKET
690 _aPROPERTY-COMMERCIAL PROPERTY-COMMERCIAL PROPERTY FINANCE AND INVESTMENT
700 1 _aStewart, Sarah
942 _n0
999 _c83413
_d83413